00658 2200205 4500001002100000005001500021035002000036007000300056008004100059082001700100084002400117100001800141245010700159260007600266300004300342650000900385650001700394650001800411650002300429INLIS00000000000152320250929024322 a0010-0925000037ta250929 g 0 ind  a631.52-633.1 a631.52-633.1 CAL p0 aCalista, Irma1 aProduksi Benih Padi Inbrida Terstandar Berdasarkan SNI 6233:2015 (Benih Padi Inbrida) /cCalista, Irma aBengkulu :bBalai Penerapan Standar Instrumen Pertanian Bengkulu,c2023 aiii, 18 hlm, :bilus, ;c15 cm x 21 cm 4aBuku 4aPadi Inbrida 4aSNI 6233:2015 4aBenih Padi Inbrida